000
00357nam a2200157Ia 4500
003
0STCL
008
150530s9999 xx 000 0 und d
040
_a
STCL
_c
STCL
100
_a
Stern, G.B.
245
_a
Robert Louis Stevenson
260
_b
British Council
_c
1971
546
_a
English
942
_2
ddc
_c
BK
999
_c
51227
_d
51227
005
20220125170837.0